Άπαντα
Αποθηκεύτηκε σε:
| Κύριος συγγραφέας: | |
|---|---|
| Άλλοι συγγραφείς: | , |
| Μορφή: | Βιβλίο |
| Γλώσσα: | Greek |
| Δημοσίευση: |
Αθήνα :
Σμυρνιώτης,
[198-]
|
| Θέματα: | |
| Ετικέτες: |
Προσθήκη ετικέτας
Δεν υπάρχουν, Καταχωρήστε ετικέτα πρώτοι!
|
MARC
| LEADER | 00000cam a2200000 i 4500 | ||
|---|---|---|---|
| 001 | 1/79818 | ||
| 008 | 980909q19801985gr | ||| |||| ||gre|| | ||
| 035 | |l 10033281 | ||
| 040 | |a GR-MyUa |b gre |e AACR2 | ||
| 041 | 0 | |a gre | |
| 082 | 7 | |a 150.1952 |2 (22) | |
| 100 | 1 | |a Freud, Sigmund, |d 1856-1939. | |
| 245 | 1 | 0 | |a Άπαντα / |c Σίγκμουντ Φρόυντ ; μετάφρασις: Παύλου Κ. Σύρρου, Ε.Κ. Δημακά, Γ. Ανδρουλιδάκη, Μίνας Ζωγράφου-Μεραναίου. |
| 260 | |a Αθήνα : |b Σμυρνιώτης, |c [198-] | ||
| 300 | |a 20 τ. ; |c 24 εκ. | ||
| 505 | 8 | |a Τ. 1-2. Εισαγωγή στην ψυχανάλυση / μετάφρασις Παύλου Κ. Σύρρου -- τ. 3-4. Η ψυχοπαθολογία της καθημερινής ζωής: εφαρμογή της ψυχαναλύσεως δια την ερμηνείαν των πράξεων της καθημερινής ζωής -- τ. 5. Τρεις μελέτες επί της θεωρίας της σεξουαλικότητος -- τ. 6. Τοτέμ και ταμπού: ψυχαναλυτική ερμηνεία της κοινωνικής ζωής των πρωτόγονων λαών / μετάφρασις Παύλου Κ. Σύρρου. Πέραν του στοιχείου της ηδονής / μετάφρασις Πολ. Βοβολίνη -- τ. 7. Το Εγώ και το Εκείνο. Ο Μωυσής και ο Μονοθεϊσμός / μετάφρασις Παύλου Κ. Σύρρου -- τ. 8-10. Η ερμηνευτική των ονείρων / μετάφρασις Μίνας Ζωγράφου-Μεραναίου -- τ. 11. Πέντε μαθήματα ψυχαναλύσεως / μετάφρασις Παύλου Κ. Σύρρου. Σκέψεις για τον πόλεμο και τον θάνατο / μετάφρασις Παύλου Κ. Σύρρου. Το μέλλον μιας ουτοπίας / μετάφρασις Ε.Κ. Δημακά -- τ. 12. Το μέλλον μιας ουτοπίας / μετάφρασις Ε.Κ. Δημακά. Πέντε ψυχαναλήσεις Α΄ ''Ντόρα'' (Όνειρο και υστερία) / μετάφρασις Ελ. Στεφανάκη -- τ. 13. Πέντε ψυχαναλύσεις Β' ''Ο μικρός Χάνς'' : ανάλυσις μιας φοβίας ενός πεντάχρονου αγοριού / μετάφρασις Ελ. Στεφανάκη -- τ. 14. Συμβολή στην ιστορία του ψυχαναλυτικού κινήματος / μετάφρασις Παύλου Κ. Σύρρου. Ο άνθρωπος με τους λύκους: (αποσπασματική εξιστόρησις μιας παιδικής νευρώσεως / μετάφρασις Παύλου Κ. Σύρρου -- τ. 15. Ο άνθρωπος με τα ποντίκια: (παρατηρήσεις επί μιας περιπτώσεως ιδεοληπτικής νευρώσεως) / μετάφρασις Παύλου Κ. Σύρρου. Ο πρόεδρος Σρέμπερ: (ψυχανάλυσις μιας αυτοβιογραφικής παρανοϊκής παραφροσύνης) / μετάφρασις Παύλου Κ. Σύρρου. -- τ. 16. Το εμφυολόγημα και οι σχέσεις του με το υποσυνείδητον / μετάφρασις Γ. Ανδρουλιδάκη -- τ. 17-18. Ο πρόεδρος Θωμάς Ουΐντροου Ουΐλσον -- τ. 19. Παραλήρημα και όνειρα στην "Gradiva" του Jensen. Το πρώτο μέρος Ο πολιτισμός πηγή δυστυχίας -- τ. 20. Ο πολιτισμός πηγή δυστυχίας / Σίγκμουντ Φρόυντ. Ο Φρόυντ κι εγώ / Βίλχελμ Ράιχ. | |
| 600 | 1 | 0 | |a Wilson, Woodrow, |d 1856-1924. |
| 650 | 0 | 0 | |a Psychoanalysis. |
| 650 | 0 | |a Psychology, Pathological. | |
| 650 | 0 | |a Totemism. | |
| 650 | 0 | |a Taboo. | |
| 650 | 0 | |a Primitive societies. | |
| 650 | 0 | |a Ego (Psychology) | |
| 650 | 0 | |a Self. | |
| 650 | 0 | |a Identity (Psychology) | |
| 650 | 0 | |a Dreams. | |
| 650 | 0 | |a Utopias. | |
| 650 | 0 | |a Child analysis. | |
| 650 | 0 | |a Psychoanalysis |x History. | |
| 650 | 0 | |a Neuroses. | |
| 650 | 0 | |a Subconsciousness. | |
| 650 | 0 | |a Wit and humor |x Psychology. | |
| 650 | 0 | |a Presidents |z United States |x Childhood and youth. | |
| 650 | 0 | |a Presidents |z United States |x Biography. | |
| 650 | 0 | |a Delirium. | |
| 650 | 0 | |a Psychoses. | |
| 650 | 0 | |a Sex (Psychology) | |
| 700 | 1 | |a Σύρρος, Παύλος Κ. |e trl | |
| 700 | 1 | |a Ζωγράφου-Μεραναίου, Μίνα, |e trlf | |
| 852 | |a INST |b RHODES |e 19980909 |h 150.1952 FRE |p 005400003753 |q 005400003753 |t BK |y 0 |z τ.1 | ||
| 852 | |a INST |b RHODES |e 19980909 |h 150.1952 FRE |p 005400003754 |q 005400003754 |t BK |y 0 |z τ.2 | ||
| 852 | |a INST |b RHODES |e 19980909 |h 150.1952 FRE |p 005400003755 |q 005400003755 |t BK |y 0 |z τ.3 | ||
| 852 | |a INST |b RHODES |e 19980909 |h 150.1952 FRE |p 005400003756 |q 005400003756 |t BK |y 0 |z τ.4 | ||
| 852 | |a INST |b RHODES |e 19980909 |h 150.1952 FRE |p 005400003757 |q 005400003757 |t BK |y 0 |z τ.5 | ||
| 852 | |a INST |b RHODES |e 19980909 |h 150.1952 FRE |p 005400003758 |q 005400003758 |t BK |y 0 |z τ.6 | ||
| 852 | |a INST |b RHODES |e 19980909 |h 150.1952 FRE |p 005400003759 |q 005400003759 |t BK |y 0 |z τ.7 | ||
| 852 | |a INST |b RHODES |e 19980909 |h 150.1952 FRE |p 005400003760 |q 005400003760 |t BK |y 0 |z τ.8 | ||
| 852 | |a INST |b RHODES |e 19980909 |h 150.1952 FRE |p 005400003761 |q 005400003761 |t BK |y 0 |z τ.9 | ||
| 852 | |a INST |b RHODES |e 19980909 |h 150.1952 FRE |p 005400003803 |q 005400003803 |t BK |y 0 |z τ.20 | ||
| 852 | |a INST |b RHODES |e 19980909 |h 150.1952 FRE |p 005400003804 |q 005400003804 |t BK |y 0 |z τ.18 | ||
| 852 | |a INST |b RHODES |e 19980909 |h 150.1952 FRE |p 005400003805 |q 005400003805 |t BK |y 0 |z τ.17 | ||
| 852 | |a INST |b RHODES |e 19980909 |h 150.1952 FRE |p 005400003806 |q 005400003806 |t BK |y 0 |z τ.16 | ||
| 852 | |a INST |b RHODES |e 19980909 |h 150.1952 FRE |p 005400003807 |q 005400003807 |t BK |y 0 |z τ.15 | ||
| 852 | |a INST |b RHODES |e 19980909 |h 150.1952 FRE |p 005400003808 |q 005400003808 |t BK |y 0 |z τ.14 | ||
| 852 | |a INST |b RHODES |e 19980909 |h 150.1952 FRE |p 005400003809 |q 005400003809 |t BK |y 0 |z τ.13 | ||
| 852 | |a INST |b RHODES |e 19980909 |h 150.1952 FRE |p 005400003810 |q 005400003810 |t BK |y 0 |z τ.12 | ||
| 852 | |a INST |b RHODES |e 19980909 |h 150.1952 FRE |p 005400003811 |q 005400003811 |t BK |y 0 |z τ.11 | ||
| 852 | |a INST |b RHODES |e 19980909 |h 150.1952 FRE |p 005400003812 |q 005400003812 |t BK |y 0 |z τ.10 | ||
| 852 | |a INST |b RHODES |e 19980909 |h 150.1952 FRE |p 005400003813 |q 005400003813 |t BK |y 0 |z τ.19 | ||
| 852 | |a INST |b RHODES |e 19980909 |h 150.1952 FRE |p 005400003753 |q 005400003753 |t BK |v τ.1: |y 0 |z τ.1 | ||
| 852 | |a INST |b RHODES |e 19980909 |h 150.1952 FRE |p 005400003754 |q 005400003754 |t BK |v τ.2: |y 0 |z τ.2 | ||
| 852 | |a INST |b RHODES |e 19980909 |h 150.1952 FRE |p 005400003755 |q 005400003755 |t BK |v τ.3: |y 0 |z τ.3 | ||
| 852 | |a INST |b RHODES |e 19980909 |h 150.1952 FRE |p 005400003756 |q 005400003756 |t BK |v τ.4: |y 0 |z τ.4 | ||
| 852 | |a INST |b RHODES |e 19980909 |h 150.1952 FRE |p 005400003757 |q 005400003757 |t BK |v τ.5: |y 0 |z τ.5 | ||
| 852 | |a INST |b RHODES |e 19980909 |h 150.1952 FRE |p 005400003758 |q 005400003758 |t BK |v τ.6: |y 0 |z τ.6 | ||
| 852 | |a INST |b RHODES |e 19980909 |h 150.1952 FRE |p 005400003759 |q 005400003759 |t BK |v τ.7: |y 0 |z τ.7 | ||
| 852 | |a INST |b RHODES |e 19980909 |h 150.1952 FRE |p 005400003760 |q 005400003760 |t BK |v τ.8: |y 0 |z τ.8 | ||
| 852 | |a INST |b RHODES |e 19980909 |h 150.1952 FRE |p 005400003761 |q 005400003761 |t BK |v τ.9: |y 0 |z τ.9 | ||
| 852 | |a INST |b RHODES |e 19980909 |h 150.1952 FRE |p 005400003803 |q 005400003803 |t BK |v τ.20: |y 0 |z τ.20 | ||
| 852 | |a INST |b RHODES |e 19980909 |h 150.1952 FRE |p 005400003804 |q 005400003804 |t BK |v τ.18: |y 0 |z τ.18 | ||
| 852 | |a INST |b RHODES |e 19980909 |h 150.1952 FRE |p 005400003805 |q 005400003805 |t BK |v τ.17: |y 0 |z τ.17 | ||
| 852 | |a INST |b RHODES |e 19980909 |h 150.1952 FRE |p 005400003806 |q 005400003806 |t BK |v τ.16: |y 0 |z τ.16 | ||
| 852 | |a INST |b RHODES |e 19980909 |h 150.1952 FRE |p 005400003807 |q 005400003807 |t BK |v τ.15: |y 0 |z τ.15 | ||
| 852 | |a INST |b RHODES |e 19980909 |h 150.1952 FRE |p 005400003808 |q 005400003808 |t BK |v τ.14: |y 0 |z τ.14 | ||
| 852 | |a INST |b RHODES |e 19980909 |h 150.1952 FRE |p 005400003809 |q 005400003809 |t BK |v τ.13: |y 0 |z τ.13 | ||
| 852 | |a INST |b RHODES |e 19980909 |h 150.1952 FRE |p 005400003810 |q 005400003810 |t BK |v τ.12: |y 0 |z τ.12 | ||
| 852 | |a INST |b RHODES |e 19980909 |h 150.1952 FRE |p 005400003811 |q 005400003811 |t BK |v τ.11: |y 0 |z τ.11 | ||
| 852 | |a INST |b RHODES |e 19980909 |h 150.1952 FRE |p 005400003812 |q 005400003812 |t BK |v τ.10: |y 0 |z τ.10 | ||
| 852 | |a INST |b RHODES |e 19980909 |h 150.1952 FRE |p 005400003813 |q 005400003813 |t BK |v τ.19: |y 0 |z τ.19 | ||
| 852 | |a INST |b RHODES |c AKA |e 20220609 |h 150.1952 FRE |p 005400042912 |q 005400042912 |t BK |v τ.7: |y 0 | ||
| 852 | |a INST |b RHODES |c AKA |e 20220609 |h 150.1952 FRE |p 005400042913 |q 005400042913 |t BK |v τ.6: |y 0 | ||
| 852 | |a INST |b RHODES |c AKA |e 20220609 |h 150.1952 FRE |p 005400042917 |q 005400042917 |t BK |v τ.1: |y 0 | ||
| 852 | |a INST |b RHODES |c AKA |e 20220609 |h 150.1952 FRE |p 005400042918 |q 005400042918 |t BK |v τ.19: |y 0 | ||
| 852 | |a INST |b RHODES |c AKA |e 20220609 |h 150.1952 FRE |p 005400042919 |q 005400042919 |t BK |v τ.20: |y 0 | ||
| 852 | |a INST |b RHODES |c AKA |e 20220610 |h 150.1952 FRE |p 005400042925 |q 005400042925 |t BK |v τ.11: |y 0 | ||
| 852 | |a INST |b RHODES |c AKA |e 20220610 |h 150.1952 FRE |p 005400042926 |q 005400042926 |t BK |v τ.8: |y 0 | ||
| 852 | |a INST |b RHODES |c AKA |e 20220610 |h 150.1952 FRE |p 005400042927 |q 005400042927 |t BK |v τ.12: |y 0 | ||
| 852 | |a INST |b RHODES |c AKA |e 20220610 |h 150.1952 FRE |p 005400042928 |q 005400042928 |t BK |v τ.9: |y 0 | ||
| 852 | |a INST |b RHODES |c AKA |e 20220610 |h 150.1952 FRE |p 005400042929 |q 005400042929 |t BK |v τ.15: |y 0 | ||
| 852 | |a INST |b RHODES |c AKA |e 20220610 |h 150.1952 FRE |p 005400042932 |q 005400042932 |t BK |v τ.14: |y 0 | ||
| 852 | |a INST |b RHODES |c AKA |e 20220610 |h 150.1952 FRE |p 005400042936 |q 005400042936 |t BK |v τ.2: |y 0 | ||
| 853 | |a INST |b RHODES |h 150.1952 FRE | ||
| 853 | |a INST |b RHODES |c AKA |h 150.1952 FRE | ||
| 901 | |a BIBL-1998-3 | ||
| 922 | |a 4ΕΛΗ |b 198808 |c ΚΑΙΛΑ | ||
| 970 | |z 09-09-1998 | ||